Lyrics erraten (2010er) #2 - Statistiken

Allgemein
  • Dieses Quiz wurde 579 mal gespielt
  • Das Durchschnittsergebnis liegt bei 140 aus 326
Antwortstatistiken
Antwort % Korrekt
ich
96%
Ich
96%
‘n
85%
da
78%
bin
75%
die
75%
Es
74%
es
74%
das
69%
Der
69%
au
68%
Au
68%
so
68%
und
65%
wie
65%
Wie
65%
war
63%
wer
62%
was
61%
will
59%
ist
58%
wo
58%
den
56%
In
56%
in
56%
sein,
56%
Hab
53%
hab
53%
meine
53%
zu
53%
für
51%
mich
51%
nie
51%
im
49%
mehr
48%
weg,
48%
mir
47%
revoir
46%
revoir,
46%
wird
46%
Auf
45%
auf
45%
geh
44%
mach
43%
alles
42%
hau
41%
bis
40%
nichts,
40%
Tür,
40%
Hier
39%
hier
39%
meinen
39%
nur
39%
mit
38%
den‘n
37%
gibt
37%
hält,
37%
hin,
36%
durch
35%
nach
35%
noch
35%
zum
35%
seh
34%
Haus,
33%
dem
32%
lass
32%
komm
31%
Vergesst,
31%
Vergesst
31%
wohn
31%
diesem
30%
Kotzen
30%
raus
29%
Tag
29%
vertraut
29%
von
29%
muss
28%
gewohnt,
27%
hinter
27%
immer
27%
oder
27%
jeder
26%
Leben:
26%
zurück
26%
gleich
25%
Nam‘n
25%
nen
25%
brauch
24%
dann
24%
Teich
24%
dieser
23%
gut
23%
Runden
23%
sag
23%
zieh
23%
Fahr
22%
Mann,
22%
Kopfsprung
21%
rein
21%
Sachen
21%
gepackt,
20%
schnell
20%
Alaska
19%
au-au
19%
(au-au)
19%
(au-au,
19%
au-au)
19%
(au-au
19%
(Au-au)
19%
(au-au),
19%
au-au,
19%
bleiben
19%
Großes
19%
jetzt
19%
‘nem
19%
Visier
19%
Wasser
19%
fühl
18%
sonst
18%
Sonst
18%
spring
18%
tot,
18%
woanders
18%
fest
17%
frischen
17%
kalte
17%
macht
17%
Platz
17%
Traum
17%
verpasst
17%
wachs
17%
Wind
17%
Gummiboot
16%
Freunde,
15%
Indien,
15%
Kinder
15%
mein‘n
15%
Affe
14%
neue
14%
Reisen
14%
Singapur
14%
Wiederseh‘n?
14%
Abflug
13%
Klappe
13%
andere
12%
Jones
12%
macht‘s
12%
Tschüss,
12%
alten
11%
Freiheit,
11%
Indiana
11%
kein‘n!
11%
Steve
11%
ah-ah
10%
Ah-ah
10%
Dschungel
10%
Maya-Thron
10%
Schuh
10%
setz
10%
Spuren
10%
Kraft
9%
Orte,
9%
hörten
8%
Humboldt
8%
such
8%
tank
8%
Weite
8%
Irwin
7%
Phönix
7%
Messner,
6%
Ah-ah-ah-ah
4%
Keine übereinstimmenden Quizze gefunden
Verteilung der Resultate
Anzahl Personen mit jedem Resultat
Perzentil nach korrekt beantworteten Fragen
Ihre Resultats-Entwicklung
Sie haben dieses Quiz noch nicht gespielt